10 największych miast w Tanzanii - Statystyki

Ogólne statystyki
  • Ten quiz został rozwiązany 33 razy
  • Średni wynik to 4 z 10
Statystyki odpowiedzi
Populacja Odpowiedź % Poprawnych
4,4 mln Dar Es Salaam
94%
411 tys. Dodoma
88%
495 tys. Zanzibar
53%
416 tys. Arusza
41%
707 tys. Mwanza
35%
385 tys. Mbeya
29%
316 tys. Morogoro
24%
227 tys. Tabora
24%
273 tys. Tanga
24%
242 tys. Kahama
12%
Nie znaleziono quizów pasujących do podanych kryteriów
Rozkład punktacji
Procent ludzi z każdym wynikiem
Percentyl według liczby udzielonych odpowiedzi
Twoja historia wyników
Nie rozwiązałeś tego quizu